000 00297nam a2200121Ia 4500
005 20251222154432.0
008 251222s9999||||xx |||||||||||||| ||spa||
020 _a978-612-4030-35-2
082 _a869.57/P12
100 _a"Pacaya Díaz, Darinka, ed."
245 0 _aRelatos de Nopoki
942 _cLIB
999 _c36448
_d36448